BSOP header

Finney on revival : (Record no. 46915)

MARC details
000 -LEADER
fixed length control field 00735cam a2200241 a 4500
001 - CONTROL NUMBER
control field 139193
005 - DATE AND TIME OF LATEST TRANSACTION
control field 20190619091742.0
008 - FIXED-LENGTH DATA ELEMENTS--GENERAL INFORMATION
fixed length control field 781017q1945 enk 000 0 eng d
035 ## - SYSTEM CONTROL NUMBER
System control number (OCoLC)ocm04299359
035 ## - SYSTEM CONTROL NUMBER
System control number (OCoLC)4299359
040 ## - CATALOGING SOURCE
Original cataloging agency CSM
Transcribing agency CSM
Modifying agency MCB
-- OCL
-- OCLCG
-- LBB
049 ## - LOCAL HOLDINGS (OCLC)
Holding library LBBK
100 1# - MAIN ENTRY--PERSONAL NAME
Personal name Finney, Charles Grandison,
Dates associated with a name 1792-1875.
245 10 - TITLE STATEMENT
Title Finney on revival :
Remainder of title an abbreviation of the Sermons on revival /
Statement of responsibility, etc by Charles Grandison Finney ; Arranged by E.E. Shelhamer.
260 ## - PUBLICATION, DISTRIBUTION, ETC. (IMPRINT)
Place of publication, distribution, etc London :
Name of publisher, distributor, etc Marshall, Morgan & Scott,
Date of publication, distribution, etc [1945?]
300 ## - PHYSICAL DESCRIPTION
Extent 120 p. ;
Dimensions 19 cm.
336 ## - CONTENT TYPE
Content Type Term text
337 ## - MEDIA TYPE
Media Type Term unmediated
338 ## - CARRIER TYPE
Carrier Type Term volume
650 #0 - SUBJECT ADDED ENTRY--TOPICAL TERM
Topical term or geographic name as entry element Revivals.
650 #0 - SUBJECT ADDED ENTRY--TOPICAL TERM
Topical term or geographic name as entry element Evangelistic work.
942 ## - ADDED ENTRY ELEMENTS (KOHA)
Source of classification or shelving scheme Library of Congress Classification
Item type Books
Holdings
Withdrawn status Lost status Source of classification or shelving scheme Damaged status Not for loan Home library Current library Shelving location Date acquired Inventory number Total Checkouts Full call number Barcode Date last seen Price effective from Koha item type
    Library of Congress Classification     BSOP Library BSOP Library GC 06/19/2019 4185   BV3797.F5 F49f 00019701 06/19/2019 06/19/2019 Books
BSOP

Biblical Seminary of the Philippines
  All rights Reserved
  © 2024

CONTACT INFORMATION

Biblical Seminary of the Philippines,
  77-B Karuhatan Road, Valenzuela City,
  PHILIPPINES 1441
  Phone: +632 8292-6795 / 8292-6798
  Fax : +632 8292-6675
  Email: library@bsop.edu.ph